| 000 | 00514nam a2200145Ia 4500 | ||
|---|---|---|---|
| 008 | 170221s9999 xx 000 0 und d | ||
| 100 | _aWafi Albalawi | ||
| 245 | _aEvaluating the usability of SAFEER e-services implemented by the Saudi Arabian Cultural Mission (SACM) in the USA | ||
| 245 | _cWafi Albalawi, King Saud University. | ||
| 260 | _bJournal of Management and Marketing Research | ||
| 260 | _c2012 | ||
| 300 | _a32 : 19 | ||
| 650 | _xBusiness | ||
| 856 | _uhttp://www.aabri.com/manuscripts/142090.pdf | ||
| 999 |
_c311409 _d311409 |
||